书目信息 |
| 题名: |
有机化学学习指导与习题详解
|
|
| 作者: | 李宝林 主编 | |
| 分册: | ||
| 出版信息: | 西安 陕西师范大学出版社 2005.10 |
|
| 页数: | 419页 | |
| 开本: | 26cm | |
| 丛书名: | 高等学校经典教材配套辅导丛书 | |
| 单 册: | ||
| 中图分类: | O62 | |
| 科图分类: | ||
| 主题词: | 有机化学--you ji hua xue--高等学校--教学参考资料 | |
| 电子资源: | ||
| ISBN: | 7-5613-3293-9 | |
| 000 | 01046nam 2200265 450 | |
| 001 | CAL 012006009870 | |
| 005 | 20061030095839.84 | |
| 010 | @a7-5613-3293-9@dCNY32.20 | |
| 099 | @aCAL 012006009870 | |
| 100 | @a20060918d2005 em y0chiy0120 ea | |
| 101 | 0 | @achi |
| 102 | @aCN@b610000 | |
| 105 | @ay zq 000yy | |
| 200 | 1 | @a有机化学学习指导与习题详解@Ayou ji hua xue xue xi zhi dao yu xi ti xiang jie@f李宝林主编@g李宝林 … [等]编 |
| 210 | @a西安@c陕西师范大学出版社@d2005.10 | |
| 215 | @a419页@d26cm | |
| 225 | 2 | @a高等学校经典教材配套辅导丛书@Agao deng xue xiao jing dian jiao cai pei tao fu dao cong shu |
| 304 | @a本书编者为: 李宝林、魏俊发、王大伟等 | |
| 330 | @a本书共分21章, 每一章均按重点难点阐释、典型例题讲解、知识点测试、参考答案等内容编写。书后提供了期末考试模拟题和硕士研究生招生考试模拟题。 | |
| 410 | 0 | @12001 @a高等学校经典教材配套辅导丛书 |
| 606 | 0 | @a有机化学@Ayou ji hua xue@x高等学校@j教学参考资料 |
| 690 | @aO62@v4 | |
| 701 | 0 | @a李宝林@Ali bao lin@4主编 |
| 801 | 0 | @aCN@c20061030 |
| 905 | @apdsgxy@dO62@eL120 | |
| 有机化学学习指导与习题详解/李宝林主编/李宝林 … [等]编.-西安:陕西师范大学出版社,2005.10 |
| 419页;26cm.-(高等学校经典教材配套辅导丛书) |
| ISBN 7-5613-3293-9:CNY32.20 |
| 本书共分21章, 每一章均按重点难点阐释、典型例题讲解、知识点测试、参考答案等内容编写。书后提供了期末考试模拟题和硕士研究生招生考试模拟题。 |
| ● |
| 相关链接 |
|
|
|
正题名:有机化学学习指导与习题详解
索取号:O62/L120
 
预约/预借
| 序号 | 登录号 | 条形码 | 馆藏地/架位号 | 状态 | 备注 |
| 1 | 634732 | 206347327 | 自科库401/401自科库 62排4列1层/ [索取号:O62/L120] | 在馆 | |
| 2 | 634733 | 206347336 | 自科库401/401自科库 62排4列1层/ [索取号:O62/L120] | 在馆 | |
| 3 | 634734 | 206347345 | 自科库401/401自科库 62排4列1层/ [索取号:O62/L120] | 在馆 |